000 00610nam a2200253 a 4500
001 nice12345678
003 IN_TiNIC
005 20260116012320.0
008 050524s1991 bana grp 000 0 eng
020 _a8185447
_c60
082 0 0 _a306.74
_bDCU
100 _aD`Cunha, Jean
245 _aLegalization of Prostitution.
260 _aBangalore
_bWordmakers
_c1991
300 _a215p
500 _aincludes index and biblioraphy
505 2 _aIndex
650 _aProstitution
650 _aWomen-Prostitutes
700 1 _aD`Cunha, Jean
902 _bSRS
942 _cBK
999 _c6525
_d6525